000 00777nam a2200229 a 4500
001 55657
003 BD-RjUL
005 20211209080310.0
008 161120s1984 bg ||||| |||| 00| 0 ben d
020 _c: TK 15.00
035 _a(BD-RjUL)55781
040 _aBD-RjUL
_bben
_cBD-RjUL
041 _aben
082 _223
_a891.441
_bSIH 1984
100 _aসিদ্দিক, আবু বকর
_9165781
245 1 0 _aহেলোকসভ্যতা /
_cআবু বকর সিদ্দিক
260 _aঢাকা :
_bনওরোজ কিতাবিস্তান,
_c১৯৮৪
300 _a৬৪ পৃ. ;
_c২১ সেমি .
650 _aবাংলা কবিতা
_9165782
650 _aBengali Poetry
_9165783
942 _2ddc
_cBK
999 _c55657
_d55657